000 00813nam a2200205 i 4500
001 122771
003 ES-MaACL
005 20250826064959.0
007 t|
008 070214s1967 sp r ||||1| spa d
100 1 _aPuigvert Calderón de la Barca, Alfredo.
_994311
245 1 0 _aManual de relaciones humanas
_b: su aplicación práctica en al empresa española /
_cAlfredo Puigvert Calderón de la Barca.
260 _aMadrid :
_bAguilar,
_c1967.
300 _aXVI, 374 p. ;
_c22 cm.
490 1 _aBiblioteca de Económia. Organización y Problemas de la Empresa
650 7 _aRelaciones interpersonales en el trabajo
_2embne
_9165747
830 0 _aBiblioteca de Económia. Organización y Problemas de la Empresa
_9181610
852 _aES-MaACL
_jC-33260
_bR.63530
999 _c122771
_d122771